| 000 | 00340cam a22000977a 4500 | ||
|---|---|---|---|
| 008 | 180718b xxu||||| |||| 00| 0 eng d | ||
| 082 | _aT39065x6 Un3 | ||
| 245 |
_aForeign trade statistics of Africa _cby United Nations Economic Commission for Africa |
||
| 260 |
_aNew York _bUnited Nations _c |
||
| 700 | _aUnited Nations Economic Commission for Africa | ||
| 999 |
_c498027 _d498027 |
||